Hőmérséklet hatása a fehérjék fluoreszcenciájára

Elmentve itt :
Bibliográfiai részletek
Szerző: Bajusz Tamásné Kabók Katalin
További közreműködők: Várkonyi Zoltán (Témavezető)
Dokumentumtípus: Disszertáció
Megjelent: 1974
Kulcsszavak:Biofizika
Tárgyszavak:
Online Access:http://doktori.ek.szte.hu/8254
LEADER 00750nta a2200217 i 4500
001 dokt8254
005 20221121140956.0
008 221121s1974 hu om 0|| hun d
040 |a SZTE Doktori Repozitórium  |b hun 
041 |a hun 
100 2 |a Bajusz Tamásné Kabók Katalin 
245 1 0 |a Hőmérséklet hatása a fehérjék fluoreszcenciájára  |h [elektronikus dokumentum] /  |c  Bajusz Tamásné Kabók Katalin 
260 |c 1974 
502 |a Disszertacio 
650 4 |a biológiai tudományok 
650 4 |a Természettudományok 
650 4 |a Biológiai tudományok 
650 4 |a Biofizika 
695 |a Biofizika 
700 1 |a Várkonyi Zoltán  |e ths 
856 4 0 |u https://doktori.bibl.u-szeged.hu/id/eprint/8254/1/1974_bajusz_tamasne.pdf  |z Dokumentum-elérés